000 02586am aa2200457i 44500
003 PE-LiUPU
005 20251103101706.0
008 2302s2023 pe#a rb 001 0 spa d
020 _a9786124915628
035 _aPE-LiUPU000030
040 _aPE-LiUPU
_bspa
_cPE-LiUPU
_erda
082 0 4 _a720.985
_bB456a
_223
100 1 _aBenavides, Alfredo,
_eautor.
245 1 0 _aArquitectura, paisaje y memoria /
_cpor Alfredo Benavides, Cynthia Watmough.
250 _aPrimera edición.
264 1 _aLima :
_bPontificia Universidad Católica del Perú, Facultad de Arquitectura y Urbanismo ;
_bFondo Editorial PUCP,
_c2023.
300 _a135 páginas :
_bilustraciones, fotografías, planos ;
_c21 cm.
336 _atexto
_btxt
_2rdacontent
337 _asin mediación
_bn
_2rdamedia
338 _avolumen
_bnc
_2rdacarrier
490 1 _aColección Cuerpo Docente ;
_v62
500 _aIncluye fotografías de Benavides–Watmough Arquitectos, Stella Watmough y Renzo Rebagliati.
500 _aPublicado como parte de la Colección Cuerpo Docente de la Facultad de Arquitectura y Urbanismo PUCP.
504 _aIncluye referencias bibliográficas.
505 0 _aIntroducción -- Edificio H -- Espacio Sol y Luna -- Entrevista.
520 _aEste libro presenta la propuesta arquitectónica de Alfredo Benavides y Cynthia Watmough, centrada en la relación entre arquitectura, paisaje y memoria. A través de dos obras significativas —el Edificio H en Pucusana y el Hotel Sol y Luna en Urubamba—, los autores reflexionan sobre la arquitectura contemporánea peruana, su vínculo con la topografía, el territorio y las estrategias proyectuales que dialogan con el lugar y la historia.
546 _aTexto en español.
650 1 4 _aArquitectura peruana
_ySiglo XXI.
650 2 4 _aArquitectura y medio ambiente
_zPerú.
650 2 4 _aArquitectura y paisaje
_zPerú.
_97286
650 2 0 _aArquitectura y memoria
_zPerú.
_97606
651 2 4 _aPerú
_xEdificios, estructuras, etc.
_97605
700 _aWatmough, Cynthia
_eautora.
_94387
710 _aPontificia Universidad Católica del Perú.
_bFacultad de Arquitectura y Urbanismo.
_9534
710 _aFondo Editorial de la Pontificia Universidad Católica del Perú,
_eeditor.
_97281
830 0 _aColección Cuerpo Docente (PUCP) ;
_v62
856 4 0 _uhttps://arquitectura.pucp.edu.pe/publicaciones
_zSitio web de Arquitectura PUCP.
942 _2ddc
_cBK
980 _818226
_gJaime Vilcazán Jefe de Análisis Documental
999 _c62620
_d62619